Normal view
MARC view
Entry Topical Term
001 - CONTROL NUMBER
- control field: 23091
003 - CONTROL NUMBER IDENTIFIER
- control field: dpl
005 - DATE AND TIME OF LATEST TRANSACTION
- control field: 20101007105438.0
008 - FIXED-LENGTH DATA ELEMENTS
- fixed length control field: 101007|||a|||||| | ||| d
040 ## - CATALOGING SOURCE
- Original cataloging agency: dpl
- Transcribing agency: dpl
150 ## - HEADING--TOPICAL TERM
- Topical term or geographic name as entry element: लघुकथाएँ, हिन्दी
670 ## - SOURCE DATA FOUND
- Source citation: Work cat.: (dpl)17253: राय, सत्यजित 23090, प्रोफेसर शंकू के कारनामे /, 2008
670 ## - SOURCE DATA FOUND
- Source citation: Work cat.: (dpl)17253: राय, सत्यजित 23090, प्रोफेसर शंकू के कारनामे /, 2008
